书目信息 |
| 题名: |
O2O模式下网购供应链的结构、决策与激励机制研究
|
|
| 作者: | 吴义生 , 杨静 , 卢荣花 著 | |
| 分册: | ||
| 出版信息: | 北京 科学出版社 2019 |
|
| 页数: | 152页 | |
| 开本: | 24cm | |
| 丛书名: | ||
| 单 册: | ||
| 中图分类: | F713.365.1 | |
| 科图分类: | ||
| 主题词: | 电子商务--供应链管理--研究 | |
| 电子资源: | ||
| ISBN: | 978-7-03-060629-7 | |
| 000 | 01064nam0 2200265 450 | |
| 001 | 012001004197 | |
| 005 | 20140108174426.0 | |
| 010 | @a978-7-03-060629-7@dCNY88.00 | |
| 100 | @a20190508d2019 em y0chiy50 ea | |
| 101 | 0 | @achi |
| 102 | @aCN@b110000 | |
| 105 | @ay z 000yy | |
| 106 | @ar | |
| 200 | 1 | @aO2O模式下网购供应链的结构、决策与激励机制研究@9O2O mo shi xia wang gou gong ying lian de jie gou、jue ce yu ji li ji zhi yan jiu@f吴义生,杨静,卢荣花等著 |
| 210 | @a北京@c科学出版社@d2019 | |
| 215 | @a152页@d24cm | |
| 300 | @a国家社会科学基金项目“020模式下网购供应链的低碳激励机制研究”成果 | |
| 330 | @a本书系统论述了020模式下网购供应链的体系结构及其关键要素、低碳决策和激励等方面的理论及案例,并从宏观政府层面、中观行业层面和微观企业层面提出了O2O模式下小家电网购的低碳激励政策建议。 | |
| 606 | 0 | @a电子商务@x供应链管理@x研究 |
| 690 | @aF713.365.1@v5 | |
| 701 | 0 | @a吴义生@9wu yi sheng@4著 |
| 701 | 0 | @a杨静@9yang jing@4著 |
| 701 | 0 | @a卢荣花@9lu rong hua@4著 |
| 801 | 0 | @aCN@b北京卓展@c20191020 |
| 905 | @b1208101-4@dF713.365.1@e1127@f4 | |
| O2O模式下网购供应链的结构、决策与激励机制研究/吴义生,杨静,卢荣花等著.-北京:科学出版社,2019 |
| 152页;24cm |
| 国家社会科学基金项目“020模式下网购供应链的低碳激励机制研究”成果 |
| ISBN 978-7-03-060629-7:CNY88.00 |
| 本书系统论述了020模式下网购供应链的体系结构及其关键要素、低碳决策和激励等方面的理论及案例,并从宏观政府层面、中观行业层面和微观企业层面提出了O2O模式下小家电网购的低碳激励政策建议。 |
| ● |
| 相关链接 |
|
|
|
|
正题名:O2O模式下网购供应链的结构、决策与激励机制研究
索取号:F713.365.1/1127
 
预约/预借
| 序号 | 登录号 | 条形码 | 馆藏地/架位号 | 状态 | 备注 |
| 1 | 1208101 | 212081012 | 第一样本阅览室/ [索取号:F713.365.1/1127] | 在馆 | |
| 2 | 1208102 | 212081021 | 第一借阅区/ [索取号:F713.365.1/1127] | 在馆 | |
| 3 | 1208103 | 212081030 | 第一借阅区/ [索取号:F713.365.1/1127] | 在馆 | |
| 4 | 1208104 | 212081049 | 第一借阅区/ [索取号:F713.365.1/1127] | 在馆 |